000 00630nam a2200205 i 4500
001 134577
003 ES-MaACL
005 20250206113022.0
007 t|
008 070912s1965 mx ||||1| spa d
100 1 _aWicker, Tom.
_9116737
245 1 0 _aKennedy sin pedestal
_b: el hombre detrás de la leyenda /
_cTom Wicker ; [traductor, Alicia B. de Cabral].
250 _a1ª ed.
260 _aMéxico :
_bDiana,
_c1965.
300 _a170 p. ;
_c18 cm.
600 0 4 _aKennedy, John F.,
_d1917-1963
_9239598
700 1 _aCabral, Alicia B. de.
_933249
852 _aES-MaACL
_jC-28862
_bR.58268
999 _c134577
_d134577